[Event "Bundesliga 9293"]
[Site "Germany"]
[Date "1993.??.??"]
[Round "?.1"]
[White "Kovalev, Andrei"]
[Black "Bangiev, Alexander J"]
[Result "1-0"]
[WhiteElo "2580"]
[BlackElo "2400"]
[Annotator "Bangiev,A"]
[PlyCount "85"]
[EventDate "1992.10.24"]
[EventType "team-tourn"]
[EventRounds "15"]
[EventCountry "GER"]
[SourceTitle "CBM 038"]
[Source "ChessBase"]
[SourceDate "1994.02.01"]
[SourceVersion "1"]
[SourceVersionDate "1994.02.01"]
[SourceQuality "1"]
[WhiteTeam "Empor Berlin"]
[BlackTeam "Bielefeld"]
[WhiteTeamCountry "GER"]
[BlackTeamCountry "GER"]

1. e4 c5 2. Nf3 d6 3. d4 cxd4 4. Nxd4 Nf6 5. Nc3 a6 6. a4 g6 7. Be2 Bg7 8. O-O
O-O 9. Be3 Nc6 10. f4 Bd7 (10... Qb6 11. a5 $1 $16) 11. Kh1 Rc8 (11... Nxd4 12.
Bxd4 Bc6 13. Bd3 b5 $132) 12. Nb3 Be6 (12... Na5 13. e5 $1 $16) 13. f5 (13. a5
$5 Bxb3 14. cxb3 Nxa5 15. e5 $1 $13) 13... Bd7 14. Qe1 $6 (14. a5 $5) 14... Ne5
15. a5 Nc4 16. Bxc4 Rxc4 17. Qe2 Bb5 $6 (17... Qc8 $5 18. Bd4 (18. Nd2 Rb4 $5 (
18... Rxc3 $5 19. bxc3 Qxc3 20. Rfb1 Bb5 $36)) 18... Rxc3 19. Bxc3 Bb5 $10) 18.
Nxb5 axb5 19. Bd4 $1 $14 Nd7 $6 (19... Qd7 $5 20. c3 (20. g4 $2 Qc6 $19) (20.
a6 bxa6 21. Rxa6 Qb7 $10) 20... Ra4 21. Nd2 $1 $14) 20. c3 Bxd4 (20... Ne5 21.
Nd2 $16) 21. Nxd4 $1 (21. cxd4 $6 Qc7 $1 $13) 21... Nf6 $8 22. g4 $5 (22. Ra3
$5 Qd7 23. Rb3 $14) 22... Qd7 23. g5 Nh5 24. Rf3 $5 Rc5 25. Raf1 Re5 26. Qf2 $6
Qe8 $2 (26... Rxe4 $1 27. fxg6 hxg6 28. Rxf7 Rf4 $1 29. Rxf4 Rxf4 30. Qe2 Rxf1+
31. Qxf1 Qg4 $5 32. Qxb5 Qd1+ 33. Kg2 Qd2+ $10) 27. Re3 {/\ 28.b4!} Rc5 28. b4
Rc4 29. Rf3 $5 {/\ 30.fg6 hg6 31.Ne6!} Ng7 30. Qh4 Qc8 31. Qh6 $16 Rxc3 32. f6
exf6 33. gxf6 Nh5 34. Nf5 $1 (34. Rxc3 Qxc3 35. Rc1 Qh3 $1 $17 (35... Qxd4 $2
36. Qxf8+ $1 $18)) 34... Rxf3 35. Ne7+ Kh8 36. Nxc8 Rxf1+ 37. Kg2 Rxc8 38. Kxf1
Nxf6 39. Qg5 $1 Nxe4 40. Qxb5 Rc1+ 41. Kg2 Rc2+ 42. Kf3 f5 43. Qxb7 1-0

[Event "RUS-ch"]
[Site "Elista"]
[Date "1995.??.??"]
[Round "4"]
[White "Daniliuk, Sergey"]
[Black "Malakhov, Vladimir"]
[Result "0-1"]
[WhiteElo "2390"]
[BlackElo "2510"]
[Annotator "Boensch,U"]
[PlyCount "42"]
[EventDate "1995.10.??"]
[EventType "swiss"]
[EventRounds "11"]
[EventCountry "RUS"]
[SourceTitle "CBM 050"]
[Source "ChessBase"]
[SourceDate "1996.02.01"]
[SourceVersion "1"]
[SourceVersionDate "1996.02.01"]
[SourceQuality "1"]

1. e4 {Giese} c5 2. Nf3 g6 3. d4 Bg7 4. Nc3 cxd4 5. Nxd4 Nc6 6. Nb3 Nf6 7. Be2
O-O 8. O-O d6 9. Be3 Be6 10. f4 Rc8 11. f5 (11. Kh1 a6 (11... Na5 12. Nd2 a6
13. f5 Bc4 14. Nxc4 Nxc4 15. Bxc4 Rxc4 16. Qd3 b5 17. a4 Qc8 18. axb5 axb5 $10
{Gonzales,C-Videki,S Badalona op (07) 1995 1/2 45 - EXP 49}) 12. Bf3 Bc4 (12...
Nd7 13. Rf2 (13. Rb1 Bc4 14. Rf2 b5 15. e5 b4 16. Ne4 d5 17. Bg4 Rc7 18. Ng5 e6
19. Bxe6 fxe6 20. Nxe6 Qc8 21. Nxc7 Qxc7 22. Nd4 $14 {Gallagher,J-Alterman,B
London Lloyds (04) 1994 1/2 85 - EXP 43}) 13... Nb6 14. Qe2 Bc4 15. Qe1 Be6 16.
Qe2 Bc4 17. Qe1 Be6 18. Rd1 Nc4 19. Bc1 b5 20. Nc5 Nd4 21. Nxe6 Nxf3 22. Nxd8
Nxe1 23. Nxf7 Rxf7 24. Rxe1 Nxb2 $15 {Swidler,P-Nielsen,PH Gausdal
International (4) 1992 0-1 39}) 13. Rf2 b5 14. Rd2 Qc7 15. Qg1 Nd7 16. Rad1
Rfd8 17. Bg4 Be6 18. Nd5 Qb8 $1 $15 {Ofstad,P-Gausel,E Gausdal Masters 9495 
(01) 1995 0-1 40 - EXP 45}) (11. Bf3 Nd7 12. Qe1 Nb6 13. Rd1 Nb4 14. Qf2 Nc4
15. Bc1 Nxb2 16. Bxb2 Bxc3 17. Bxc3 Rxc3 $17 {Rosanov,L-Veselovsky,S Moscow-ch
1994 0-1 36 - EXP 43}) (11. Rb1 a6 12. Bf3 b5 13. Nd5 Nd7 14. c3 a5 15. Nd4
Bxd5 16. exd5 Nxd4 17. Bxd4 Bxd4+ 18. Qxd4 Qb6 19. Qxb6 Nxb6 $15 {Galkin,
A-Yakovich,Y St.Petersburg op (01) 1995 0-1 40 - EXP 46}) (11. Qd2 a6 12. Nd4
Nxd4 13. Bxd4 Qa5 14. Bf3 Rc4 15. Be3 Rfc8 16. Qf2 b5 17. f5 Bd7 $10 {Paglilla,
C-Cortes,J Ibercaja op 1992 1-0 27}) 11... Bd7 12. g4 $6 $146 (12. Kh1 Ne5 13.
Bd4 Bc6 14. Nd2 Qa5 15. a3 Rfd8 16. Qe1 Qc7 17. Qg3 b6 18. Rae1 Qb7 19. Qh4 b5
20. b4 a6 $10 {Kamber,B-Znamenacek,K Prague Bohemians (11) 1991 1/2 43}) 12...
Ne5 13. Nd2 (13. Bxa7 Rxc3 14. bxc3 Nxe4 $44) 13... Rxc3 $1 {[%csl Gd7,Ge5,Re4]
Für das sizilianische Qualitätsopfer erhält Schwarz auch diesmal genügend
Kompensation.} 14. bxc3 Bc6 15. Bf3 $2 (15. Bxa7 Nxe4 16. Nxe4 Bxe4 $44) 15...
Nxf3+ 16. Qxf3 d5 $1 $15 {[%cal Gc6h1] clearing the line h1-c6 öffnet die
gefährliche Diagonale h1-c6} 17. Bd4 (17. exd5 Nxd5 {~/=} 18. fxg6 hxg6 (18...
fxg6 19. Qg3 Rxf1+ 20. Rxf1 $44) 19. Rae1 Nxc3 $17) (17. e5 {Giese} d4 18. Qg3
dxe3 19. exf6 Qd5 {[%cal Yd5h1]} 20. Nf3 Bxf6 $17) 17... dxe4 18. Qh3 Nxg4 $1
19. Bxg7 (19. Qxg4 Bxd4+ 20. cxd4 Qxd4+ 21. Kg2 e3+ $19) 19... Kxg7 {[%csl Rd2]
} 20. Nxe4 $2 (20. Nb3 Ne5 $17) 20... Qb6+ 21. Nf2 gxf5 {Zeigen lassen kann
man sich den "Rest" schon noch.} (21... gxf5 22. Rab1 Qc5 (22... Nxf2 $2 23.
Qg3+ Kh8 24. Rxb6 Ne4 25. Qe5+ f6 $13) 23. c4 Rg8 24. Rb3 f4 25. Qxg4+ Kh8 26.
h3 Rxg4+ 27. hxg4 Qxc4 $19) 0-1

[Event "Bugojno"]
[Site "Bugojno"]
[Date "1978.02.28"]
[Round "3"]
[White "Tal, Mihail"]
[Black "Byrne, Robert Eugene"]
[Result "1-0"]
[WhiteElo "2625"]
[BlackElo "2550"]
[Annotator "Bulletin"]
[PlyCount "73"]
[EventDate "1978.02.27"]
[EventType "tourn"]
[EventRounds "15"]
[EventCountry "YUG"]
[EventCategory "14"]
[SourceTitle "MCL"]
[Source "ChessBase"]
[SourceDate "1999.07.01"]
[SourceVersion "1"]
[SourceVersionDate "1999.07.01"]
[SourceQuality "1"]

1. e4 c5 2. Nf3 d6 3. d4 cxd4 4. Nxd4 Nf6 5. Nc3 a6 6. a4 g6 7. Be2 Bg7 8. Be3
O-O 9. O-O Nc6 10. f4 (10. Nb3 Be6 11. f4 Rc8 12. Bf3 Nd7 13. Kh1 $14 {
Thomas-Petrov, Prag 1931}) 10... Bd7 (10... Qb6 11. a5 Qa7 12. e5 $5) 11. Nb3
Rc8 12. Bf3 Be6 13. Nd5 $1 $16 Nd7 14. c3 f5 15. exf5 Bxf5 16. Nd4 e6 (16...
Nc5 17. Nxf5 gxf5 18. b4 $16) (16... Nxd4 17. Bxd4 e5 $5) 17. Nxc6 bxc6 18. Nb4
{/\Qxd6} c5 19. Nc6 $1 $18 Rxc6 20. Bxc6 Nf6 21. Bf3 h5 22. Qe2 Qa5 23. Bf2 d5
24. h3 Re8 25. Rfe1 Kf7 26. g4 hxg4 27. hxg4 Be4 28. Bh4 c4 29. Qe3 Bxf3 30.
Qxf3 Ne4 31. f5 Qb6+ 32. Bf2 Qxb2 33. fxe6+ Kg8 34. Qf7+ Kh7 35. Bd4 Rg8 36. e7
Qb8 37. Re3 1-0

[Event "Bugojno"]
[Site "Bugojno"]
[Date "1978.03.16"]
[Round "15"]
[White "Spassky, Boris Vasilievich"]
[Black "Miles, Anthony John"]
[Result "1-0"]
[WhiteElo "2630"]
[BlackElo "2565"]
[Annotator "Bulletin"]
[PlyCount "65"]
[EventDate "1978.02.27"]
[EventType "tourn"]
[EventRounds "15"]
[EventCountry "YUG"]
[EventCategory "14"]
[SourceTitle "MCL"]
[Source "ChessBase"]
[SourceDate "1999.07.01"]
[SourceVersion "1"]
[SourceVersionDate "1999.07.01"]
[SourceQuality "1"]

1. e4 c5 2. Nf3 d6 3. d4 cxd4 4. Nxd4 Nf6 5. Nc3 g6 6. Be2 Bg7 7. Be3 O-O 8.
O-O Nc6 9. Nb3 Be6 10. f4 b5 $2 (10... Na5 11. f5 Bc4 12. Nxa5 Bxe2 13. Qxe2
Qxa5 14. g4 Rac8 15. g5 Rxc3 16. gxf6 Rxe3 17. Qxe3 Bxf6 $10) (10... Qc8 11. h3
Rd8 12. Bf3 Bc4 13. Rf2 e5 14. Rd2 Qe6 15. Nd5 exf4 16. Nd4 Nxd4 17. Bxd4 Bxd5
18. exd5 Qf5 $10 {Rolland-Larsen, Le Havre 1966}) 11. f5 (11. Bxb5 Ng4) 11...
b4 $2 (11... Bxb3) 12. fxe6 bxc3 13. exf7+ Kh8 14. bxc3 Ne5 (14... Nxe4 15. Bf3
Nxc3 16. Qd2 {/\Nd4 +/-}) 15. Bd4 Nxe4 16. Bf3 Nxf3+ 17. Qxf3 Nf6 18. Rad1 Qc8
(18... Rxf7 $6 19. Nc5 {/\Ne6} dxc5 20. Bxf6 Qe8 21. Bxg7+ Kxg7 22. Qd5 $16)
19. Bxf6 $1 Bxf6 20. Rxd6 Rxf7 21. Rc6 Qe8 22. Qe4 Rd8 23. g3 Bg7 24. Qe6 Rxf1+
25. Kxf1 Bf6 26. Nc5 Bxc3 27. Ne4 Bd4 28. c3 Bb6 (28... Bg7 29. Ng5 $18) (28...
Bf6 29. Nxf6 (29. Kg1 $1) 29... exf6 30. Qxf6+ Kg8 31. Qe6+ Qxe6 32. Rxe6 Rd3
$13) 29. Ke2 Qd7 30. Qxd7 Rxd7 31. c4 Rd4 $6 32. Ng5 h6 $2 33. Rc8+ 1-0

[Event "Teheran m"]
[Site "Teheran"]
[Date "2003.02.14"]
[Round "3"]
[White "Short, Nigel D"]
[Black "Ghaem Maghami, Ehsan"]
[Result "1/2-1/2"]
[WhiteElo "2690"]
[BlackElo "2500"]
[Annotator "Ftacnik,L"]
[PlyCount "46"]
[EventDate "2003.02.12"]
[EventType "match"]
[EventRounds "6"]
[EventCountry "IRI"]
[SourceTitle "CBM 094"]
[Source "ChessBase"]
[SourceDate "2003.05.26"]
[SourceVersion "1"]
[SourceVersionDate "2003.05.26"]
[SourceQuality "1"]

1. e4 c5 2. Nf3 d6 3. d4 cxd4 4. Nxd4 Nf6 5. Nc3 a6 6. a4 g6 7. Be2 Bg7 8. O-O
O-O 9. Be3 Nc6 10. f4 Bd7 11. Nb3 b5 12. axb5 axb5 13. Rxa8 Qxa8 14. Bxb5 Ng4
15. Qd2 {Black can hardly hope to get advantage after the pawn sacrifice, but
his active pieces shoul give him enough counterplay.} (15. Bb6 Qb8 16. Nd5 e6
17. Bxc6 exd5 18. exd5 Qxb6+ 19. Kh1 Ne3 {0-1 Gonzalez del Campo,D-Fernandez
Torre,I/Asturias 1999/ (20)}) (15. Bxc6 Nxe3 16. Bxa8 Nxd1 17. Rxd1 Rxa8 18.
Nd5 (18. Nd4 Rb8 19. b3 $14) 18... Ra2 19. Nxe7+ Kf8 20. Nd5 Rxb2 21. Nd4 Ba4
22. Rd2 Bxd4+ 23. Rxd4 Bxc2 24. Nf6 {1-0 Klovans,J-Gruzmann,B/Gladenbach 1999/
(34)}) 15... Nxe3 16. Qxe3 Rb8 (16... Qb8 17. Bxc6 Bxc6 18. Ra1 Rc8 19. Ra5 $14
) 17. Ra1 Qxa1+ {It seems a bit tricky, but 17...Qb7!? was more ambitious move
when all advantages of black's activity could come into foreground.} (17... Qb7
$5 18. e5 (18. Ba6 Qxb3 19. cxb3 Bd4 20. Qxd4 Nxd4 21. Bc4 Nxb3 22. Ra7 Nc5 23.
b3 Kf8 $11) (18. Bxc6 Qxc6 19. Ra7 Be6 20. Rxe7 Bxb3 21. cxb3 Rxb3 $15) 18...
Be6 19. Bxc6 Qxc6 20. Nd4 Qc5 21. Na4 Qa7 $13) 18. Nxa1 Bd4 19. Qxd4 (19. Kf2
$2 Bxe3+ 20. Kxe3 Ne5 21. Bxd7 Nxd7 $17) 19... Nxd4 20. Bxd7 Rxb2 21. Kf2 (21.
Ba4 Rb8 22. Nb3 Nxc2 23. Na5 Rb2 $13) 21... Nxc2 22. Nxc2 (22. Nd1 Ra2 23. Nxc2
Rxc2+ 24. Kf3 e6 $14) 22... Rxc2+ 23. Ne2 Rb2 (23... Rb2 24. Ke3 e6 $14)
1/2-1/2

[Event "Koop Tjuchem"]
[Site "Groningen"]
[Date "1996.??.??"]
[Round "2"]
[White "Svidler, Peter"]
[Black "Hodgson, Julian M"]
[Result "1-0"]
[WhiteElo "2650"]
[BlackElo "2550"]
[Annotator "Ftacnik,L"]
[PlyCount "67"]
[EventDate "1996.12.20"]
[EventType "tourn"]
[EventRounds "11"]
[EventCountry "NED"]
[EventCategory "16"]
[SourceTitle "CBM 057"]
[Source "ChessBase"]
[SourceDate "1997.04.01"]
[SourceVersion "1"]
[SourceVersionDate "1997.04.01"]
[SourceQuality "1"]

1. e4 {Alterman,B} c5 2. Nf3 d6 3. d4 cxd4 4. Nxd4 Nf6 5. Nc3 g6 6. Be2 Bg7 7.
O-O O-O 8. Be3 Nc6 9. Nb3 Be6 10. f4 Na5 (10... Rc8 {Alterman,B} 11. g4 Na5 12.
g5 Rxc3 $1) (10... Qc8 11. Kh1 Rd8 {main line}) 11. f5 Bc4 12. Nxa5 (12. Bd3 {
main line} Bxd3 13. cxd3) 12... Bxe2 13. Qxe2 Qxa5 14. Bd4 (14. g4) 14... Rac8
(14... Qb4 15. Rad1 Rac8 16. Rd2 (16. Kh1 Rfe8 17. Rf3 Qc4 18. Qe1 b5 19. a3 a5
20. Rd2 b4 21. b3 Qc6 22. axb4 axb4 23. Nd5 Nxd5 24. exd5 Qa8 25. fxg6 fxg6 26.
Qe6+ {Nevostrujev,V-Petrakov,A/St.Petersburg op2 (03)/1994/1-0 (75)}) 16...
Rfe8 17. Nd1 Nxe4 18. c3 Nxd2 19. cxb4 Bxd4+ 20. Rf2 Nc4 21. Qe4 Bxf2+ 22. Kxf2
d5 23. Qxd5 Red8 24. Qxb7 {0-1 Ullrich,F-Kveinys,A/Marbach/1994 (32)}) (14...
Nd7 15. Bxg7 Kxg7 16. Nd5 (16. Kh1 Qe5 17. Qb5 Qxb5 18. Nxb5 Rfc8 19. c3 Rc5
20. Nd4 Re5 21. fxg6 hxg6 22. Nf3 Rh5 23. Rad1 Rc8 {0-1 Cetkovic,Mo-Jovicic,M/
JUG-chT2 (05)/1994/EXT 94ch (47)}) 16... Nf6 17. c4 Qc5+ 18. Kh1 Qd4 19. fxg6
hxg6 20. Nxf6 exf6 21. Rad1 Qb6 22. Qf3 Qxb2 23. Rxd6 Qxa2 24. Qxf6+ Kg8 25. h4
{1-0 Milic,B-Matanovic,A/JUG-ch Zagreb (17)/1953 (30)}) 15. Rad1 (15. a3 a6 (
15... Qc7 16. Rad1 Qc4 17. Qf3 a6 18. Qh3 Nxe4 19. Bxg7 Kxg7 20. Nxe4 Qxe4 21.
Rde1 Qd4+ 22. Kh1 Rxc2 23. Rxe7 Rf2 {Rubinstein,J-Cruz,R/ARG-ch Buenos Aires 
(09)/1961/0-1 (54)}) 16. Rad1 Qc7 17. e5 dxe5 18. Bxe5 Qc4 19. Rd3 b5 20. Rf4
Qc6 21. Rh4 Rfd8 22. fxg6 hxg6 23. Rhd4 Rxd4 24. Rxd4 Qe6 {Witkowski,S-Wood,B/
Heidelberg (01)/1949/0-1 (51)}) (15. g4 Qb4 16. Rfd1 e5 17. fxe6 fxe6 18. g5
Nh5 19. Bxg7 Kxg7 20. Qg4 Nf4 21. Rf1 Qxb2 22. Ne2 Nxe2+ 23. Qxe2 Rxc2 24. Qg4
Qe5 {Westland,A-Hamm,K/DDR-chW Nordhausen (06) 1986/0-1 (53)}) 15... b5 (15...
Qb4 16. Qf3 Rc4 17. a3 Qxb2 18. Rb1 Qxa3 19. Ra1 Qb2 20. Qd3 Rxd4 21. Qxd4 Nd7
{0-1 Bouillon,T-Schwab,T/RLPF-op Polch/1990}) (15... Nd7 16. Qe3 (16. Bxg7 Kxg7
17. Nd5 Qc5+ 18. Rf2 e6 19. b4 Qc4 20. Qxc4 Rxc4 21. fxe6 fxe6 22. Nf4 Rxe4 23.
g3 d5 {0-1 Durao,J-Johansson,I/Munich olm/1958 (33)}) 16... Ne5 17. Nd5 Rfe8
18. Qb3 b6 19. f6 exf6 20. Nxf6+ Bxf6 21. Rxf6 Nc4 22. Qf3 Ne5 23. Qb3 Rc7 24.
Rxd6 Nc6 {0-1 Ipavec,P-Djeno,M/EU-chJW U20 Litomysl (01)/1994 (34)}) (15...
Rfe8 16. Kh1 b5 17. Nxb5 Qxa2 18. Nxa7 Qc4 19. Rfe1 Qxe2 20. Rxe2 Ra8 21. fxg6
hxg6 22. Bg1 Nd7 23. b4 Ne5 24. b5 {Glek,I-Lobron,E/Tilburg (02)/1994/1-0 (51)}
) 16. Nxb5 (16. Qxb5 $2 Qxb5 17. Nxb5 Rxc2 18. e5 dxe5 19. Bxe5 Rc5 $15) (16.
e5 {Alterman,B} dxe5 17. Qxe5 $5) 16... Qxa2 (16... Nxe4 $6 17. c4 $1 (17. fxg6
hxg6 18. Bxg7 Kxg7 19. Qxe4 Qxb5 20. Qxe7 Qxb2 21. c3 Rxc3 22. Qf6+ Kg8 23.
Rxd6 Rc2 $10) 17... Bxd4+ 18. Rxd4 $16) (16... a6 {Alterman,B} 17. Na7 Rc7 $16)
17. Nxa7 (17. Ra1 Qc4 18. Qxc4 Rxc4 19. Rxa7 Rb8 $1 $14) 17... Qc4 18. Rfe1 Rc5
$5 (18... Rc7 19. Nb5 Qxe2 20. Rxe2 Rb7 21. c4 $16) 19. Bxc5 Qxc5+ 20. Qf2 (20.
Qe3 Qxc2) 20... Qb4 (20... Qxf2+ 21. Kxf2 Ng4+ (21... Rb8 $18 {Alterman,B}) 22.
Kg3 $18) 21. e5 (21. c3 Qb7 $1) (21. Nc6 Qb7 22. e5 Qxc6 23. exf6 Bxf6 24. fxg6
hxg6 25. c3 Rb8 $16) 21... dxe5 (21... Ng4 $2 22. Rd4 Nxf2 23. Rxb4 $18) 22.
Nc6 Qxb2 (22... Qb7 23. Nxe5 Qxb2 24. Nc6 $18) 23. Nxe7+ (23. Rxe5 $4 {
Alterman,B} Ng4 24. Nxe7+ Kh8 $19) 23... Kh8 24. Nd5 {White enjoys not only a
spare exchange, but also an attack. Weiß kann sich nicht nur auf die
Mehrqualität, sondern auch auf seinen Angriff verlassen.} (24. Rb1 $5 {
Alterman,B} Qc3 25. Qe3 Qxc2 (25... Qc4) 26. Rbc1 (26. Qxe5 Ng4 27. Qf4 Qc5+
28. Kf1 $16) 26... Qb2 27. Qxe5 Qxe5 28. Rxe5 Ng8 29. Re4 $18) 24... Ng4 (24...
Nxd5 25. Rxd5 Rc8 26. f6 Bf8 27. Rdxe5 Rxc2 28. R5e2 $18) 25. Qf3 gxf5 (25...
h5 26. c4 $18) 26. Qxf5 Nh6 27. Qd3 f5 28. Qc4 (28. c4 e4 29. Qe2 Qe5 $132)
28... e4 29. h3 Nf7 (29... Rg8 30. Qc5 $16) 30. Nf4 (30. Qc7 $18 {Alterman,B})
30... Qb8 (30... Ne5 31. Qc7 Rg8 32. Rd8 $18) 31. Ne6 Rc8 (31... Rg8 32. Nxg7
Rxg7 33. Qc5 Ng5 34. Kh1 $18) 32. Qd5 Qg3 (32... Rxc2 33. Qxf5 Qg3 (33... Qb6+
34. Kh1 Qf2 35. Qxe4 $18) 34. Qxe4 Ra2 35. Re2 $18) 33. Qxf5 (33. Nxg7 $2 {
Alterman,B is clearly worse} Rxc2 34. Qa8+ Kxg7 35. Qa1+ Kg8 36. Qa8+ Kg7 37.
Qa1+ Kg8 38. Qa8+ Kg7 $10) 33... Be5 (33... Nd6 34. Qg5 Bd4+ 35. Kh1 $18) 34.
Nf4 $1 (34. Qxf7 Rg8 35. Qf2 Qxh3 36. Rxe4 $18) (34. Nf4 $1 Rg8 (34... Bd4+ 35.
Rxd4 Qxe1+ 36. Kh2 Qc3 37. Qf6+ Kg8 38. Ne6 $18) 35. Rxe4 Bxf4 36. Qf6+ $18)
1-0

[Event "Villa Gesell"]
[Site "Villa Gesell"]
[Date "1996.??.??"]
[Round "4"]
[White "Zarnicki, Pablo Adrian"]
[Black "Hoffman, Alejandro"]
[Result "1-0"]
[WhiteElo "2545"]
[BlackElo "2410"]
[Annotator "Johnson,M"]
[PlyCount "71"]
[EventDate "1996.03.??"]
[EventType "tourn"]
[EventRounds "11"]
[EventCountry "ARG"]
[EventCategory "11"]
[SourceTitle "CBM 052"]
[Source "ChessBase"]
[SourceDate "1996.06.01"]
[SourceVersion "1"]
[SourceVersionDate "1996.06.01"]
[SourceQuality "1"]

1. e4 c5 2. Nf3 d6 3. d4 Nf6 4. Nc3 cxd4 5. Nxd4 g6 6. Be2 Bg7 7. O-O O-O 8.
Be3 Nc6 9. Nb3 Be6 10. f4 Qc8 (10... Na5 11. f5 Bc4) (10... Rc8 $1 11. f5 Bd7
12. g4 Ne5) 11. Kh1 b6 $6 (11... Rd8 12. Bf3 Bc4 13. Rf2 e5 14. Rd2 Bh6 $1) (
11... Bg4 12. Bg1 Bxe2 13. Qxe2 Qg4 14. Qd2 b5 $1 15. Rae1 b4 16. Nd5 Qc8 17.
Nd4 Nxd5 18. exd5 Nxd4 19. Bxd4 Bxd4 20. Qxd4 Qxc2 21. Rxe7 Rae8 $10 {
Westerinen-Gufeld,Havana,1985}) 12. Bf3 Bg4 13. Nd5 Bxf3 14. Qxf3 Nxd5 15. exd5
Na5 $6 16. Nxa5 bxa5 17. c3 Qc4 18. Rf2 Rab8 (18... a4 19. a3 Rab8 20. Bxa7 $2
Rb7 21. Be3 Rfb8 $15) 19. Bxa7 Rb7 20. Be3 Rb5 (20... Rfb8) 21. Rd1 Qxa2 22.
Bc1 Qb3 23. g4 a4 24. Rd3 Rc5 25. f5 a3 26. bxa3 Rxc3 27. Rxc3 Qxc3 28. Qxc3
Bxc3 29. Rc2 Ba5 $6 (29... Bf6) 30. Bh6 Re8 31. Rc6 Ra8 32. f6 Bd8 33. a4 exf6
34. Rxd6 Be7 35. Rc6 Bf8 36. d6 1-0

[Event "Bad Homburg"]
[Site "Bad Homburg"]
[Date "1996.??.??"]
[Round "8"]
[White "Unzicker, Wolfgang"]
[Black "Alterman, Boris"]
[Result "1/2-1/2"]
[WhiteElo "2460"]
[BlackElo "2590"]
[Annotator "Johnson,M"]
[PlyCount "40"]
[EventDate "1996.07.20"]
[EventType "tourn"]
[EventRounds "9"]
[EventCountry "GER"]
[EventCategory "12"]
[SourceTitle "CBM 055"]
[Source "ChessBase"]
[SourceDate "1996.12.01"]
[SourceVersion "1"]
[SourceVersionDate "1996.12.01"]
[SourceQuality "1"]

1. e4 {Schulz,A} c5 2. Nf3 d6 3. d4 cxd4 4. Nxd4 Nf6 5. Nc3 g6 6. Be2 Bg7 7.
O-O O-O 8. Be3 Nc6 9. Nb3 (9. f4 {Schulz,A} Qb6 $36) 9... Be6 10. f4 Rc8 {
Moderner als} (10... Qc8 {Schulz,A}) (10... Na5 {Schulz,A}) 11. Bf3 (11. f5 {
Schulz,A} Bd7) 11... Nd7 (11... Bc4 {is the main alternative}) 12. Rb1 (12. Qe1
Nb6 13. Rd1 Nb4 14. Qf2 Nc4 15. Bc1 Nxb2 16. Bxb2 Bxc3 17. Bxc3 Rxc3 18. Nd4
Nc6 19. Nxe6 fxe6 20. Bg4 e5 21. Be6+ Kg7 22. f5 Qb6 23. Qxb6 axb6 24. Rb1 Nd4
25. Bd5 b5 26. a4 Rxc2 27. axb5 Ne2+ 28. Kh1 Nc3 29. Bxb7 Nxb1 30. Rxb1 Rb8 31.
Ba6 gxf5 32. exf5 Kf6 33. g4 e4 34. h4 d5 35. Rf1 h6 36. Kg1 d4 {0-1 Rosanov,
L-Veselovsky,S/Moscow-ch 1994}) 12... Nb6 13. Nd5 Nc4 (13... Bxd5 {Schulz,A}
14. exd5 Nb4 15. c3 $16) 14. Bc1 b5 15. c3 a5 (15... f5 $5 {Schulz,A}) 16. a3
b4 (16... a4 $142 {Schulz,A} 17. Nd4 $140 Bxd5 18. exd5 Nxd4 19. cxd4 Qb6 $17)
17. axb4 axb4 18. Kh1 bxc3 19. bxc3 Rb8 20. Qd3 N4a5 1/2-1/2

[Event "DEN-ch"]
[Site "Esbjerg"]
[Date "1997.03.26"]
[Round "5"]
[White "Mortensen, Erling"]
[Black "Larsen, Bent"]
[Result "1-0"]
[WhiteElo "2450"]
[BlackElo "2520"]
[Annotator "Mortensen,E"]
[PlyCount "109"]
[EventDate "1997.03.22"]
[EventType "tourn"]
[EventRounds "9"]
[EventCountry "DEN"]
[EventCategory "10"]
[SourceTitle "CBM 060"]
[Source "ChessBase"]
[SourceDate "1997.09.29"]
[SourceVersion "1"]
[SourceVersionDate "1997.09.29"]
[SourceQuality "1"]

1. e4 {Schulz,A} c5 2. Nf3 g6 3. d4 cxd4 4. Nxd4 Bg7 5. Nc3 {Why not 5. c4?
Larsen is an expert on The Accelerated Dragon and won the price for the most
beautiful game of the tournament, when he used this line to beat Peter Heine
Nielsen a few rounds later.} Nc6 6. Be3 Nf6 7. Be2 O-O 8. Nb3 d6 9. f4 Be6 10.
O-O Qc8 ({Modern ist} 10... Rc8 {Schulz,A}) 11. Kh1 Re8 {You can always count
on Larsen to come up with something interesting. Normal is 11... Td8 or 11...
Lg4 (Larsen: "The move of the big draw players"). Whites next tries to make
use of the fact, that black is not ready to play the usual d6-d5-d4 without
the rook on d8. Schulz,A: Ein neuer Zug, dessen Sinn ich nicht verstehe.} (
11... Bg4 {Schulz,A}) (11... Rd8 {Schulz,A}) 12. Bd3 Nb4 13. Nd4 Bc4 14. f5 Nd7
(14... e5 15. Ndb5 $16) 15. a3 Bxd3 16. cxd3 Nc6 17. Nf3 $1 Nf6 (17... gxf5 18.
Ng5 h6 (18... f6 19. Qb3+) 19. Nxf7 Kxf7 20. Qh5+ Kg8 21. Bxh6 Nce5 22. Bxg7
Kxg7 23. Rf3 {White gets a winning attack.} Nf6 $145 {It`s hard to see how
white can win.} 24. Qg5+ (24. Rg3+ Neg4) 24... Kf7 $13) 18. Ng5 $14 {With the
idea De1-h4 with a strong attack.} e6 19. fxe6 fxe6 20. d4 h6 21. Nh3 (21. Nf3
$5 {[%csl Rg6][%cal Yf3h4,Rh4g6] Schulz,A}) 21... Rf8 (21... Kh7 22. Bg1 {
with the idea d5 and Sf4 is strong.}) 22. d5 exd5 23. exd5 Ne5 24. Nf4 $16 Nfg4
25. Bd4 Qc4 (25... Qd8 $142 {Schulz,A} 26. Ne6 $140 Qh4 $132) 26. h3 Nf6 27. b3
$1 (27. Bxe5 $2 dxe5 28. Nxg6 Rfe8 {The knight is out of play on g6 e.g.} 29.
d6 Rad8 30. Ne7+ Rxe7) 27... Qxf1+ {Larsen tries to confuse matters. Das war
die Idee.} (27... Qa6 28. Bxe5 dxe5 29. Nxg6 Rfe8 30. Rxf6 $1 Bxf6 31. Ne4 {
followed by Dg4 gives white a winning attack.}) (27... Qc8 28. Rc1 {followed
by Se6 gives white an overwhelming game.}) 28. Qxf1 Nh5 29. Nxh5 {The simplest.
The ending is winning. Pragmatisch gelöst.} (29. Qb5 {Schulz,A} Rxf4 30. Qxb7
Raf8 {mit schwarzen Fuddelchancen.}) 29... Rxf1+ 30. Rxf1 gxh5 {Schulz:
Ergebnis der schwarzen Kombi: Ein Doppelbauer auf der h-Linie.} 31. Nb5 Nf7 {
white is a pawn up with the better position.} (31... a6 $2 32. Nxd6 Rd8 33. Nf5
Rxd5 $4 34. Ne7+) 32. Bxa7 Rc8 33. Be3 Re8 34. Bf4 Re4 35. Bxd6 Re3 36. Bb4
Rxb3 37. Rd1 Ne5 38. Nd4 Rd3 39. Rxd3 Nxd3 40. Nf5 Bf8 41. Bxf8 Kxf8 42. Kh2
Nf4 43. d6 Ke8 44. Kg3 Ng6 45. Nxh6 Kd7 46. Nf5 Ne5 47. Kh4 Nc4 48. a4 Nb2 49.
Kxh5 Nxa4 50. Kg6 b5 51. h4 Nc5 52. h5 Ne6 53. h6 b4 54. Nd4 Kxd6 55. Kf6 1-0